| 000 | 00804nam a22002177a 4500 | ||
|---|---|---|---|
| 005 | 20081022111014.0 | ||
| 008 | 081022t xxu||||| |||| 00| 0 eng d | ||
| 010 | _aENG-84287 | ||
| 020 | _a0195682173 | ||
| 020 | _c595.00 (hb) | ||
| 035 | _aEN-67820 | ||
| 082 | _a363.34936 | ||
| 100 | _aD'Souza, Rohan | ||
| 245 |
_aDrowned and dammed : _bcolonial capitalism and flood control in eastern India / _cby Rohan D'Souza |
||
| 260 |
_aNew Delhi _bOxford University Press |
||
| 260 | _c2006 | ||
| 300 |
_axv,264p _c22cm |
||
| 500 | _aIncludes bibliographical references and index | ||
| 942 |
_2ddc _cEN _h363.34936 _mDSO |
||
| 999 |
_c17626 _d17626 |
||